000
00296nam a22001217a 4500
008
181107b xxu||||| |||| 00| 0 eng d
041
_a
eng
080
_a
316
100
_a
50
101
_a
SOC
245
_a
Profesional Approach With Parents Handicap Children
_c
Webster.E.J
942
_2
udc
_c
BK
999
_c
52101
_d
52101